000 01064nab a22002297i 4500
003 KOSZ 005
005 20170310104854.0
008 160308s2008 ru ||||| ||||0|| ||rus
035 _aPBN-R:249247
040 _cKOSZ 005/md
_aPBN-ID
041 0 _arus
100 _aBIL, Tadeusz.
_d1996 - .
_bPolitechnika Koszalińska - Wydział Mechaniczny,
_cKatedra Procesów i Urządzeń Przemysłu Spożywczego
245 1 0 _aAnaliz odnokonturnych mechanizmov na osnovanii obąčej modeli /
_cTadeusz Bil.
260 _c2008.
650 0 _aOriginal article.
650 0 _aOriginal article presents the results of original research or experiment.
650 0 _aOryginalny artykuł naukowy.
650 0 _aOryginalny artykuł naukowy przedstawia rezultaty oryginalnych badań naukowych lub eksperymentu.
773 0 8 _iW :
_tTeorija Mechanizmov i Mashin. -
_x2079-021X
_dSaint-Petersburg : State Polytechnic University (SPbPU), Russia. -
_g2008, nr 6(1), s. 55-63.
856 _uhttp://tmm.spbstu.ru/11/bil.pdf
_zLink do zasobu
942 _cART
_2UKD
999 _c8055
_d8055